000 00316nam a2200121 a 4500
005 20140414131857.0
008 100827s19uu xx 00 eng d
050 _aFIL
_bL94 2006
100 _aAlmario, Virgilio
245 _aThe love of Lam-ang.
260 _aManila, Philippines :
_bAdarna,
_c2006.
999 _c110498
_d110498